Zweite Predigt im Lustlager bey Prag gehalten von der Evangelisch ­ Protestant. Milit. Genteinde den 12. Septemb. 1784.

Bibliographic Details
Corporate Author: Weimarschen Schriften (Viedeň, Rakúsko) (Printer)
Format: Book
Language:German
PhysicalDescription:19 s. 17 cm
Published: Wien mit Weimarschen Schriften 1784
Subjects:

MARC

LEADER 00000nam a2200000 a 4500
001 vtls010868403
003 SK-MaSNL
005 20260301035633.0
008 251112 1784 au 000 0 ger
015 |a SNBHFA1784 
020 |q (viaz.) 
035 |a A6D4C220-C7F9-404F-8885-D83628C8505F 
035 |a urn:nbn:sk:snk-amtfni 
035 |a urn:nbn:sk:snk-am00cagy 
040 |a SNKHFA  |b slo  |c SNK  |e AACR2 
041 0 |a ger 
044 |a au  |c AT 
072 7 |a 244  |x Náboženská literatúra  |2 konspekt 
080 |a 2-29  |2 2001 
080 |a 24-29  |2 2001 
080 |a 2-1  |2 2001 
240 1 0 |a Sacri Sermones ob Causas publicas regis, & populi, belli, pacis, militiaeque, cum prosperas, kum adverfas habiti idiomate Germanico Variis locis, et Oratoribus  |f ab Anno 1778 ad 1892 
245 0 0 |a Zweite Predigt im Lustlager bey Prag gehalten von der Evangelisch ­ Protestant. Milit. Genteinde den 12. Septemb. 1784. 
246 0 8 |a S S. Sermones ob Causas Publicas German  |f Ab Anno 1778 ad 1832 
260 |a Wien  |b mit Weimarschen Schriften  |c 1784 
300 |a 19 s.  |c 17 cm 
500 |a Dátum vydania podľa údaja v názve diela 
500 |a Vineta v úvode textu diela 
501 |a Príväzok 9. k: GABELHOFER, Johann Julius. Predigt von der wohlthätig-weisen Anstalt Gottes, Menschen durch Menschen regieren zu lassen. Pest: Gedruckt bey Matthias Trattnern, 1790.  |5 SNK ID 99141 
546 |a Nemčina  |b Fraktúra 
561 |a Okrúhla pečiatka: Rimely Károly Lekéri Apát.  |5 SNK ID 99141 
650 0 7 |a kázne  |2 SNKPH  |9 1954 
650 0 7 |a pastorálna teológia  |2 SNKPH  |9 1811 
650 0 7 |a teológia  |2 SNKPH  |9 1814 
700 1 |a Rimely, Karol,  |d 1825-1904  |4 fmo  |9 177562 
710 2 |a Weimarschen Schriften (Viedeň, Rakúsko)  |4 prt  |9 338438 
752 |a Rakúsko  |d Viedeň 
852 |a snk  |b Historické fondy  |p ID 99141 
958 |a ONDV 
999 |c 584530  |d 586460 
952 |t RI 173  |a SNK  |b SNK  |c SNK_HF  |y PREZ  |7 0  |p 17A1127292  |o snkID 99141/prív.9  |i snk2015/26077  |8 5  |0 0  |1 0  |4 0  |d 2015-09-14  |f 1  |l 0  |r 2026-02-23 15:04:18  |w 2026-02-23